Statistics for K-Pop Groups: Girl Group or Boy Group?

Click here to take the quiz!

General Stats

  • This quiz has been taken 149 times
  • The average score is 13 of 16

Answer Stats

QuestionAnswer% Correct
BTSBoy
99%
Big BangBoy
98%
BlackpinkGirl
98%
EXOBoy
96%
TwiceGirl
96%
SeventeenBoy
95%
CLCGirl
89%
BtoBBoy
88%
DIAGirl
86%
F(x)Girl
79%
PristinGirl
78%
SnuperBoy
77%
4MinuteGirl
77%
BAPBoy
74%
HighlightBoy
53%
BustersGirl
40%

Score Distribution

Percentile by Number Answered

Percent of People with Each Score

Your Score History

You have not taken this quiz